Wes Anderson Movies - Statistics

General Stats
  • This quiz has been taken 16,173 times
    2,465 since last reset
  • The average score is 8 of 12
Answer Stats
Year Actor Movie % Correct
2014 Ralph Fiennes The Grand Budapest Hotel
92%
2009 George Clooney Fantastic Mr. Fox
82%
2001 Gene Hackman The Royal Tenenbaums
74%
2023 Tom Hanks Asteroid City
69%
2018 Bryan Cranston Isle of Dogs
67%
2004 Bill Murray The Life Aquatic with Steve Zissou
64%
2007 Adrien Brody The Darjeeling Limited
62%
2021 Benicio del Toro The French Dispatch
62%
2012 Bruce Willis Moonrise Kingdom
59%
1998 Jason Schwartzman Rushmore
58%
1996 Owen Wilson Bottle Rocket
55%
2025 Benicio del Toro The Phoenician Scheme
54%
No matching quizzes found
Score Distribution
Percent of People with Each Score
Percentile by Number Answered
Your Score History
You have not taken this quiz since the last reset